00433nam a2200145Ia 4500100001600000650002700016942000700043654001700050245003900067260002800106300000800134546001200142999001700154952011600171 aRoth/ C.H.  aElectrical Engineering cBK aLogic Design aFundamentls of Logic Design Edn-4 bJaico PubaBombayc1994 a770 aENGLISH c32896d32896 001040708CRCaCRCEbCRCEd2023-03-17eglobal booksg1200.00l0o p6691r2023-03-17v1200.00w2023-03-17yBK